La orquesta sinfónica /

Muestra al director como al músico empleando toda la orquesta como instrumento. Comienza con las notas del "Final de la Sinfonía del Nuevo Mundo" de Dvorak.

Guardado en:
Autor Corporativo: Videopedia Britannica.
Formato: Deslizar
Materias:
Etiquetas: Agregar Etiqueta
Sin Etiquetas, Sea el primero en etiquetar este registro!
LEADER 00953ngm a22002655g 4500
001 CEM.cems021625
008 130507b199?##################0###0#####d
005 20240830165639.0
245 1 0 |a La orquesta sinfónica /  |c Videopedia Britannica 
300 |a 15 
500 |a En soporte VHS, consultar en ventanilla. 
538 |a Soporte: VHS - Norma: PAL N - Color - Compra CEMS - Hitachi=0810 
520 |a Muestra al director como al músico empleando toda la orquesta como instrumento. Comienza con las notas del "Final de la Sinfonía del Nuevo Mundo" de Dvorak. 
110 2 |a Videopedia Britannica. 
082 7 8 |/ VID 
653 |a MUSICA 
653 |a MUSICA SINFONICA 
653 |a ORQUESTA SINFONICA 
653 |a DIRECTOR ORQUESTAL 
653 |a INSTRUMENTOS MUSICALES 
653 |a ARMONIA 
653 |a SINFONIA 
653 |a CONCIERTO 
653 |a NIVEL SECUNDARIO 
859 |a CEMS  |b BIB. CEMS - Depto. Recursos Didacticos  |h 780  |i VID  |k DRD  |p 268.12  |t Ej.1